000 02263pam a22003494a 4500
001 4101266
003 OSt
005 20151009104304.0
008 020829s2003 maua b 001 0 eng
010 _a 2002034261
020 _a0205359574
035 _a(OCoLC)ocm50554192
035 _a(NNC)4101266
040 _aDLC
_cDLC
_dNNC
_dOrLoB-B
042 _apcc
050 0 0 _aHV40
_b.H7813 2003
082 0 0 _a361.3/2
_221
245 0 0 _aHuman behavior and the social environment :
_bsocial systems theory /
_cJulia M. Norlin ... [et al.].
250 _a4th ed.
260 _aBoston, Mass. :
_bAllyn and Bacon,
_c2003.
300 _axiv, 449 p. :
_bill. ;
_c25 cm.
504 _aIncludes bibliographical references and index.
505 0 0 _gPt. 1.
_tOverview --
_gCh. 1.
_tIntroduction --
_gCh. 2.
_tA Social Systems Perspective: The Foundations for Social Systems Theory --
_gCh. 3.
_tSocial Systems Theory: General Features --
_gPt. 2.
_tThe Individual --
_gCh. 4.
_tThe Individual: Theories of Psychology Used by Social Workers --
_gCh. 5.
_tPsychosocial Theory: A Social Systems Perspective --
_gPt. 3.
_tThe Social Group --
_gCh. 6.
_tThe Social Group: An Introduction --
_gCh. 7.
_tThe Social Group: Theoretical Support --
_gCh. 8.
_tThe Family as a System of Roles --
_gCh. 9.
_tThe Social Group and Family: Social Systems Theory --
_gPt. 4.
_tThe Formal Organization --
_gCh. 10.
_tThe Formal Organization: An Introduction --
_gCh. 11.
_tThe Formal Organization: Social Systems Theory --
_gCh. 12.
_tThe Formal Organization as a Social System --
_gPt. 5.
_tThe Community --
_gCh. 13.
_tThe Community: An Introduction --
_gCh. 14.
_tThe Community: Social Systems Theory --
_gCh. 15.
_tSocial Stratification and Diversity.
520 1 _a"This text provides a framework for evaluating various theories and a context for addressing social work practice with varying levels of social systems. The text examines the basic concepts in each of the various system sizes: the social group, the family, the organization, and the community."--BOOK JACKET.
650 0 _aSocial service.
650 0 _aSocial systems.
650 0 _aSocial systems
_xMathematical models.
650 0 _aHuman behavior.
700 1 _aNorlin, Julia M.
900 _bTOC
942 _2lcc
_cBK
999 _c250390
_d250390